书目信息 |
| 题名: |
装饰资料集
|
|
| 作者: | ;上海人民美术出版社 编辑 | |
| 分册: | ||
| 出版信息: | 上海 上海人民美术出版社 1983 |
|
| 页数: | 120页 | |
| 开本: | 19cm | |
| 丛书名: | ||
| 单 册: | ||
| 中图分类: | J525 , J228.1 | |
| 科图分类: | ||
| 主题词: | 装饰美术--中国--资料 , 绘画--中国 | |
| 电子资源: | ||
| ISBN: | ||
| 000 | 00734nam0 2200265 45 | |
| 001 | 0183003644 | |
| 005 | 20040518161715.7 | |
| 010 | @dCNY0.48 | |
| 091 | @a8081.13522 | |
| 100 | @a19950522d1983 em y0chiy0121 ea | |
| 101 | 0 | @achi |
| 102 | @aCN@b310000 | |
| 105 | @ay z 000yy | |
| 106 | @ar | |
| 200 | 10 | @a装饰资料集@Azhuang shi zi liao ji@f上海人民美术出版社编辑 |
| 210 | @a上海@c上海人民美术出版社@d1983 | |
| 215 | @a120页@d19cm | |
| 606 | @a装饰美术@y中国@x资料 | |
| 606 | 0 | @a绘画@x中国 |
| 690 | @aJ525@v3 | |
| 690 | @aJ228.1 | |
| 711 | 02 | @a上海人民美术出版社@Ashang hai ren min mei shu chu ban she@4编辑 |
| 801 | 0 | @aCN@b上海图书馆@c20040518 |
| 801 | 2 | @aCN@bNLC@c20040518 |
| 905 | @f2@b113021-022@dJ228.1@e92 | |
| 装饰资料集/上海人民美术出版社编辑.-上海:上海人民美术出版社,1983 |
| 120页;19cm |
| ISBN :CNY0.48 |
| ● |
| 相关链接 |
|
|
|
|
正题名:装饰资料集
索取号:J228.1/92
 
预约/预借
| 序号 | 登录号 | 条形码 | 馆藏地/架位号 | 状态 | 备注 |
| 1 | 0113021 | 000795330 | 第一借阅区/ [索取号:J228.1/92] | 在馆 | |
| 2 | 0113022 | 000793984 | 第一借阅区/ [索取号:J228.1/92] | 在馆 | |
| 3 | 0113023 | 000793975 | 第一样本阅览室/ [索取号:J228.1/92] | 在馆 |